书目信息 |
| 题名: |
中国婚姻史
|
|
| 作者: | 陈顾远 著 | |
| 分册: | ||
| 出版信息: | 北京 商务印书馆 2014.05 |
|
| 页数: | 243页,[1]叶图版 | |
| 开本: | 21cm | |
| 丛书名: | 中华现代学术名著丛书 | |
| 单 册: | ||
| 中图分类: | D691.91 | |
| 科图分类: | ||
| 主题词: | 婚姻制度--历史--中国 , 婚姻制度 , 历史 | |
| 电子资源: | ||
| ISBN: | 978-7-100-09007-0 | |
| 000 | 00941oam2 2200301 450 | |
| 001 | 0120141344319 | |
| 005 | 20160516171355.89 | |
| 010 | @a978-7-100-09007-0@dCNY23.00 | |
| 100 | @a20140626d2014 em y0chiy0110 ea | |
| 101 | 0 | @achi |
| 102 | @aCN@b110000 | |
| 105 | @acf z 000yd | |
| 106 | @ar | |
| 200 | 1 | @a中国婚姻史@9zhong guo hun yin shi@f陈顾远著 |
| 210 | @a北京@c商务印书馆@d2014.05 | |
| 215 | @a243页,[1]叶图版@c肖像@d21cm | |
| 225 | 2 | @a中华现代学术名著丛书 |
| 305 | @a据商务印书馆《中国文化史丛书》1937年版排印 | |
| 330 | @a本书作者以一个法学家的学养和眼光,主要着重考察历代关于婚姻的礼制、刑制、习惯法等等。 | |
| 333 | @a婚姻制度研究人员 | |
| 461 | 0 | @12001 @a中华现代学术名著丛书 |
| 606 | 0 | @a婚姻制度@x历史@y中国 |
| 606 | 0 | @a婚姻制度 |
| 606 | 0 | @a历史 |
| 690 | @aD691.91@v5 | |
| 701 | 0 | @a陈顾远@9chen gu yuan@f(1895-1981)@4著 |
| 801 | 0 | @aCN@b人天书店@c20140626 |
| 905 | @b876922-27@dD691.91@e205@f6 | |
| 中国婚姻史/陈顾远著.-北京:商务印书馆,2014.05 |
| 243页,[1]叶图版:肖像;21cm.-(中华现代学术名著丛书) |
| 使用对象:婚姻制度研究人员 |
| ISBN 978-7-100-09007-0:CNY23.00 |
| 本书作者以一个法学家的学养和眼光,主要着重考察历代关于婚姻的礼制、刑制、习惯法等等。 |
| ● |
| 相关链接 |
|
|
|
|
正题名:中国婚姻史
索取号:D691.91/205
 
预约/预借
| 序号 | 登录号 | 条形码 | 馆藏地/架位号 | 状态 | 备注 |
| 1 | 876922 | 208769224 | 第一样本阅览室/ [索取号:D691.91/205] | 在馆 | |
| 2 | 876923 | 208769233 | 教育系资料室/ [索取号:D691.91/205] | 在馆 | |
| 3 | 876924 | 208769242 | 教育系资料室/ [索取号:D691.91/205] | 在馆 | |
| 4 | 876925 | 208769251 | 教育系资料室/ [索取号:D691.91/205] | 在馆 | |
| 5 | 876926 | 208769260 | 第一借阅区/ [索取号:D691.91/205] | 在馆 | |
| 6 | 876927 | 208769279 | 第一借阅区/ [索取号:D691.91/205] | 在馆 |